[Event "Padova op-A 16th"]
[Site "Padova"]
[Date "2013.12.20"]
[Round "7.27"]
[White "Rosina, Graziano"]
[Black "Dorigo, Tommaso"]
[Result "0-1"]
[WhiteElo "1811"]
[BlackElo "1996"]
[PlyCount "38"]
[EventDate "2013.12.15"]
[EventType "swiss"]
[EventRounds "9"]
[EventCountry "ITA"]
[SourceTitle "EXT 2024"]
[Source "ChessBase"]
[SourceDate "2023.10.10"]
[SourceVersion "1"]
[SourceVersionDate "2023.10.10"]
[SourceQuality "1"]

1. Nf3 d5 2. d4 Nf6 3. c4 c6 4. cxd5 cxd5 5. g3 Bf5 6. Qb3 Qc8 7. Nc3 e6 8. Bf4 Nc6 9. a3 Be7 10. Nb5 0-0 11. Nc7 g5 12. Be5 Nxe5 13. dxe5 Qxc7 14. exf6 Bxf6 15. Bg2 Qa5+ 16. Nd2 Rfc8 17. Qe3 Rc2 18. b4 Qc7 19. Rd1 Rc3 0-1

[Event "Venice Autumn op 19th"]
[Site "Venice"]
[Date "2013.11.03"]
[Round "4"]
[White "Dorigo, Tommaso"]
[Black "Zuttioni, Federico"]
[Result "0-1"]
[WhiteElo "1998"]
[BlackElo "2093"]
[PlyCount "105"]
[EventDate "2013.11.01"]
[EventType "swiss"]
[EventRounds "5"]
[EventCountry "ITA"]
[SourceTitle "EXT 2015"]
[Source "ChessBase"]
[SourceDate "2014.11.20"]
[SourceVersion "1"]
[SourceVersionDate "2014.11.20"]
[SourceQuality "1"]

1. e4 d6 2. d4 g6 3. Bd3 Bg7 4. c3 e5 5. Be3 Nf6 6. Nf3 Nc6 7. h3 0-0 8. Qd2 d5 9. exd5 Nxd5 10. 0-0 Re8 11. Bc2 Nxe3 12. fxe3 Be6 13. Na3 Bh6 14. Qf2 exd4 15. exd4 Bxa2 16. Ne5 Nxe5 17. Rxa2 Qd5 18. b3 Ng4 19. c4 Nxf2 20. cxd5 Ne4 21. Nb5 Rad8 22. Nxc7 Re7 23. Bxe4 Be3+ 24. Kh1 Bxd4 25. Bxg6 hxg6 26. Nb5 Rxd5 27. Nxd4 Rxd4 28. Rxa7 Rb4 29. Rf3 Re1+ 30. Kh2 Rb1 31. Ra3 Rb2 32. Kg3 Kg7 33. Rd3 Kh6 34. Kf3 Kg5 35. g3 f5 36. Rc3 Rd4 37. h4+ Kf6 38. Ra7 Rb4 39. Ra3 Rb5 40. Re3 Rd5 41. Ra1 Rdd2 42. Rf1 Rh2 43. Rd3 Rhd2 44. Re3 g5 45. hxg5+ Kxg5 46. Rc3 Rbc2 47. Rxc2 Rxc2 48. Rd1 Rc3+ 49. Kg2 Rxb3 50. Rd8 b5 51. Rg8+ Kf6 52. Kh3 Rb2 53. g4 0-1

[Event "Venice Autumn op 19th"]
[Site "Venice"]
[Date "2013.11.02"]
[Round "2"]
[White "Gallo, Enrico"]
[Black "Dorigo, Tommaso"]
[Result "1-0"]
[WhiteElo "2107"]
[BlackElo "1998"]
[PlyCount "77"]
[EventDate "2013.11.01"]
[EventType "swiss"]
[EventRounds "5"]
[EventCountry "ITA"]
[SourceTitle "EXT 2015"]
[Source "ChessBase"]
[SourceDate "2014.11.20"]
[SourceVersion "1"]
[SourceVersionDate "2014.11.20"]
[SourceQuality "1"]

1. e4 Nf6 2. e5 Nd5 3. d4 d6 4. Nf3 Bg4 5. Be2 e6 6. 0-0 Be7 7. h3 Bh5 8. c4 Nb6 9. exd6 cxd6 10. Be3 0-0 11. Nbd2 Nc6 12. Rc1 a5 13. a3 Bg6 14. b3 Bf6 15. Nb1 d5 16. c5 Nd7 17. Nc3 b6 18. Nb5 bxc5 19. dxc5 Bb2 20. Qd2 Bxc1 21. Rxc1 Nf6 22. Nfd4 Nxd4 23. Qxd4 Re8 24. b4 e5 25. Qd1 Ne4 26. Bf3 axb4 27. axb4 d4 28. Bd2 Ra2 29. Bxe4 Bxe4 30. Nd6 Bc6 31. b5 Bd5 32. Nxe8 Qxe8 33. c6 e4 34. Qh5 e3 35. Be1 Be4 36. Qc5 exf2+ 37. Bxf2 Rxf2 38. Kxf2 Bxc6 39. Re1 1-0

[Event "Padova op-A 15th"]
[Site "Padova"]
[Date "2012.12.21"]
[Round "7"]
[White "Dorigo, Tommaso"]
[Black "Giuriato, Sergio"]
[Result "1/2-1/2"]
[WhiteElo "1899"]
[BlackElo "1959"]
[PlyCount "88"]
[EventDate "2012.12.16"]
[EventType "swiss"]
[EventRounds "9"]
[EventCountry "ITA"]
[SourceTitle "EXT 2024"]
[Source "ChessBase"]
[SourceDate "2023.10.10"]
[SourceVersion "1"]
[SourceVersionDate "2023.10.10"]
[SourceQuality "1"]

1. e4 Nc6 2. Nf3 e5 3. d4 exd4 4. Nxd4 Nf6 5. Nxc6 bxc6 6. Nc3 Bb4 7. Bd3 d5 8. exd5 cxd5 9. 0-0 0-0 10. Bg5 c6 11. Qf3 h6 12. Bf4 Be6 13. h3 Bd6 14. Rfe1 Rb8 15. Ne2 c5 16. b3 c4 17. Bxd6 Qxd6 18. Bf5 cxb3 19. axb3 Qb6 20. Bd3 a5 21. Nf4 Rbc8 22. Qe3 d4 23. Qe5 Nd7 24. Qxa5 Qxa5 25. Rxa5 Nc5 26. Bf1 g5 27. Nxe6 Nxe6 28. Bc4 Nf4 29. Re7 Ng6 30. Re4 Rfe8 31. Rxe8+ Rxe8 32. Rd5 Re1+ 33. Kh2 Rc1 34. Bd3 Nf4 35. Rd8+ Kg7 36. Be4 d3 37. cxd3 Rc3 38. g3 Ne6 39. Rb8 Nc5 40. b4 Nxd3 41. Kg2 Rb3 42. Rb7 Rxb4 43. Re7 Kf6 44. Re8 Ne5 1/2-1/2

[Event "Padova op-A 15th"]
[Site "Padova"]
[Date "2012.12.20"]
[Round "6"]
[White "Gallo, Enrico"]
[Black "Dorigo, Tommaso"]
[Result "1-0"]
[WhiteElo "2074"]
[BlackElo "1899"]
[PlyCount "87"]
[EventDate "2012.12.16"]
[EventType "swiss"]
[EventRounds "9"]
[EventCountry "ITA"]
[SourceTitle "EXT 2024"]
[Source "ChessBase"]
[SourceDate "2023.10.10"]
[SourceVersion "1"]
[SourceVersionDate "2023.10.10"]
[SourceQuality "1"]

1. e4 Nf6 2. e5 Nd5 3. d4 d6 4. c4 Nb6 5. exd6 cxd6 6. Be3 Nc6 7. Nc3 Bf5 8. Rc1 e6 9. b3 Be7 10. Nf3 Bf6 11. Be2 0-0 12. 0-0 d5 13. c5 Nc8 14. h3 h6 15. Qd2 a6 16. Rfd1 N8e7 17. a3 Na5 18. Qa2 b5 19. Bf1 Nec6 20. Ne2 Be4 21. Nh2 b4 22. a4 h5 23. Ng3 Bg6 24. f4 h4 25. Nh1 Bh5 26. Rd2 Ne7 27. Bd3 Nac6 28. Bb1 Bg6 29. Ng4 Nf5 30. Bxf5 Bxf5 31. Nhf2 Be7 32. Rdd1 Qc7 33. Rf1 Bd8 34. Qd2 Na5 35. Qd1 Qe7 36. Nd3 Bxd3 37. Qxd3 Ra7 38. Rce1 Bc7 39. Bd2 Nc6 40. f5 Bg3 41. f6 Qd8 42. fxg7 f5 43. gxf8Q+ Qxf8 44. Rxe6 1-0

[Event "Padova op-A 15th"]
[Site "Padova"]
[Date "2012.12.17"]
[Round "2"]
[White "Santolini, Luigi"]
[Black "Dorigo, Tommaso"]
[Result "1/2-1/2"]
[WhiteElo "2144"]
[BlackElo "1899"]
[PlyCount "40"]
[EventDate "2012.12.16"]
[EventType "swiss"]
[EventRounds "9"]
[EventCountry "ITA"]
[SourceTitle "EXT 2024"]
[Source "ChessBase"]
[SourceDate "2023.10.10"]
[SourceVersion "1"]
[SourceVersionDate "2023.10.10"]
[SourceQuality "1"]

1. e4 Nf6 2. e5 Nd5 3. d4 d6 4. Nf3 Bg4 5. Be2 e6 6. 0-0 Be7 7. h3 Bh5 8. c4 Nb6 9. exd6 cxd6 10. Re1 0-0 11. Nc3 d5 12. c5 N6d7 13. Bf4 Bf6 14. Nb5 Bxf3 15. Bxf3 Nc6 16. Bc7 Qc8 17. Bd6 Rd8 18. Nc7 Rb8 19. Nb5 Ra8 20. Nc7 Rb8 1/2-1/2

[Event "Padova UISP"]
[Site "Padova"]
[Date "1986.06.22"]
[Round "1"]
[White "Dorigo, Tommaso"]
[Black "Cesaro, Giuliano"]
[Result "1/2-1/2"]
[WhiteElo "1600"]
[BlackElo "1800"]
[PlyCount "31"]
[EventDate "1986.06.??"]
[EventType "swiss"]
[EventCountry "ITA"]
[SourceTitle "EXT 2024"]
[Source "ChessBase"]
[SourceDate "2023.10.10"]
[SourceVersion "1"]
[SourceVersionDate "2023.10.10"]
[SourceQuality "1"]

1. e4 c6 2. d4 d5 3. exd5 cxd5 4. c4 Nf6 5. Nc3 e6 6. Nf3 Bb4 7. cxd5 Nxd5 8. Bb5+ Bd7 9. Bxd7+ Nxd7 10. Bd2 N7b6 11. Ne5 Rc8 12. Rc1 0-0 13. 0-0 Qh4 14. Nf3 Qg4 15. h3 Qh5 16. Qb3 1/2-1/2

[Event "Padova Nazionale ARCI 3rd"]
[Site "Padova"]
[Date "1985.11.23"]
[Round "2"]
[White "Bonivento, Sandro"]
[Black "Dorigo, Tommaso"]
[Result "1/2-1/2"]
[WhiteElo "1400"]
[BlackElo "1400"]
[PlyCount "58"]
[EventDate "1985.11.??"]
[EventType "swiss"]
[EventCountry "ITA"]
[SourceTitle "EXT 2024"]
[Source "ChessBase"]
[SourceDate "2023.10.10"]
[SourceVersion "1"]
[SourceVersionDate "2023.10.10"]
[SourceQuality "1"]

1. e4 Nf6 2. e5 Nd5 3. Nf3 d6 4. Bc4 e6 5. d4 Nb6 6. Bd3 Be7 7. 0-0 0-0 8. c4 Nc6 9. Nc3 Nd7 10. Re1 dxe5 11. dxe5 Nc5 12. Bb1 Qxd1 13. Rxd1 Rd8 14. Rxd8+ Bxd8 15. Be3 Be7 16. Nb5 a6 17. Nbd4 Bd7 18. a3 Nxd4 19. Nxd4 a5 20. Bc2 Rd8 21. f4 Na6 22. Rd1 Bc5 23. Kf2 g6 24. Nb3 Bxe3+ 25. Kxe3 b6 26. Be4 Kf8 27. Bc6 Ke7 28. Bxd7 Rxd7 29. Rxd7+ Kxd7 1/2-1/2

[Event "Padova Nazionale ARCI 3rd"]
[Site "Padova"]
[Date "1985.11.23"]
[Round "1"]
[White "Veneruso, Marco"]
[Black "Dorigo, Tommaso"]
[Result "1/2-1/2"]
[WhiteElo "1400"]
[BlackElo "1400"]
[PlyCount "58"]
[EventDate "1985.11.??"]
[EventType "swiss"]
[EventCountry "ITA"]
[SourceTitle "EXT 2024"]
[Source "ChessBase"]
[SourceDate "2023.10.10"]
[SourceVersion "1"]
[SourceVersionDate "2023.10.10"]
[SourceQuality "1"]

1. d4 d5 2. c4 e6 3. Nc3 Nf6 4. Bg5 Nbd7 5. Nf3 c6 6. e3 Qa5 7. Bxf6 Nxf6 8. Bd3 Bb4 9. Qc2 dxc4 10. Bxc4 Nd5 11. Bxd5 exd5 12. 0-0 0-0 13. Na4 Bd6 14. h3 Bd7 15. Nc5 Qc7 16. Rac1 Rae8 17. Qa4 a6 18. Nxd7 Qxd7 19. b4 Re6 20. a3 Rg6 21. Kh1 Rh6 22. Ng1 Re8 23. Qc2 Re4 24. Qe2 Reh4 25. f4 Re6 26. Qf2 Rhh6 27. Nf3 Re7 28. Ne5 Qe8 29. Rce1 f6 1/2-1/2